Scandinavia Map Quiz - Statistics

General Stats
  • This quiz has been taken 172 times
    157 since last reset
  • The average score is 16 of 78
Answers on the Map
Answers color-coded by a green-red scale on the quiz's map according to % correct below.
 
Answer Stats
Province % Correct
Oslo
71%
Lapland
57%
Stockholm
56%
Gotland
43%
Skåne
41%
Agder
35%
Jämtland
35%
Kalmar
35%
Agder
32%
North Jutland
32%
Sealand
32%
Rogaland
30%
Uppsala
30%
Värmland
30%
Viken
30%
Viken
30%
Viken
30%
Dalarna
29%
Halland
29%
Jönköping
29%
Kronoberg
29%
Östergötland
29%
Vestland
29%
Vestland
29%
Västerbotten
27%
Västra Götaland
27%
Blekinge
25%
South Jutland
25%
Central Finland
24%
Örebro
24%
Södermanland
24%
Uusimaa
24%
Västmanland
24%
Innlandet
22%
Norbotten
22%
North Karelia
22%
South Karelia
22%
Innlandet
21%
Mid Jutland
21%
North Ostrobothnia
21%
Central Ostrobothnia
19%
Møre og Romsdal
19%
Ostrobothnia
19%
Troms og Finnmark
19%
Troms og Finnmark
19%
Västernorrland
19%
Pirkanmaa
17%
South Ostrobothnia
17%
Southwest Finland
17%
Kainuu
16%
Kymenlaakso
16%
Satakunta
16%
North Savonia
14%
Päijänne Tavastia
14%
South Savonia
14%
Tavastia Proper
13%
Vestfold og Telemark
10%
Vestfold og Telemark
10%
Åland Islands
8%
Åland Islands
8%
Åland Islands
8%
Åland Islands
8%
Åland Islands
8%
Åland Islands
8%
Åland Islands
8%
Åland Islands
8%
Åland Islands
8%
Åland Islands
8%
Åland Islands
8%
Åland Islands
8%
Åland Islands
8%
Gävelborg
8%
Capital Reigon
3%
Nordaland
3%
Greenland
2%
Svalbard
2%
Trøndenlag
2%
Trøndenlag
2%
No matching quizzes found
Score Distribution
Percent of People with Each Score
Percentile by Number Answered
Your Score History
You have not taken this quiz since the last reset